K novele zákona o konkurze a vyrovnaní a súvisiacich predpisov

Právna regulácia oblasti konkurzného práva so zreteľom na ekonomickú, sociálnu a daňovú oblasť. Hlavné oblasti navrhovanej novely zákona o konkurze a vyrovnaní.

Gespeichert in:
Bibliographische Detailangaben
1. Verfasser: Mrázová, Martina
Format: Buchkapitel
Sprache:Slowakisch
Schlagworte:
Tags: Tag hinzufügen
Keine Tags, Fügen Sie das erste Tag hinzu!

MARC

LEADER 00000naa a2200000 4500
001 r039402
005 20231002072957.7
041 0 |a slo 
044 |a SK 
245 1 0 |a K novele zákona o konkurze a vyrovnaní a súvisiacich predpisov  |c Martina Mrázová 
520 |a Právna regulácia oblasti konkurzného práva so zreteľom na ekonomickú, sociálnu a daňovú oblasť. Hlavné oblasti navrhovanej novely zákona o konkurze a vyrovnaní. 
610 2 0 |a konkurzy 
610 2 0 |a vyrovnanie 
610 2 0 |a úpravy právne 
610 2 0 |a regulácia štátna 
610 2 0 |a poriadok exekučný 
610 2 0 |a pohľadávky 
610 2 0 |a veritelia 
610 2 0 |a novelizácia 
610 2 0 |a Slovensko 
100 1 |a Mrázová, Martina